| 000 | 00339nam a22001337a 4500 | ||
|---|---|---|---|
| 999 |
_c527978 _d527978 |
||
| 003 | NUST | ||
| 038 | _aM.Ramzan | ||
| 082 |
_a388.1 _bKEL |
||
| 100 |
_aKeller, Gorden _919472 |
||
| 245 |
_alow volume road engineering / _cGorden Keller |
||
| 260 |
_aVirginia _bverginia state university _c2003 |
||
| 300 |
_a158 p, : _c25cm |
||
| 942 |
_2ddc _cBK |
||